000 00718nam a2200265Ia 4500
003 OSt
005 20220927110353.0
006 a|||||r|||| 00| 0
007 ta
008 220926b |||||||| |||| 00| 0 eng d
024 _a26211
037 _cReports
040 _aRTL
_cRTL
_beng
041 _2eng
_aeng
082 _a"X:53p2, N76, L6"
110 _aNational Seminaron GSP
_9376917
245 0 _aNational Seminar on GSP
260 _aNew
_b"Delhi I I F T , 1976 "
_c1976
300 _a172p
_ccm.
490 _aIndian Institute of Foreign Trade Publication
650 _aTariff
700 _aNational Seminaron GSP
_9376918
942 _h"X:53p2, N76, L6"
_cCC
999 _c695928
_d695928